| 000 | 00874 a2200253 4500 | ||
|---|---|---|---|
| 999 |
_c200000822 _d28029 |
||
| 001 | 200000822 | ||
| 003 | TR-AnTOB | ||
| 005 | 20190322122852.0 | ||
| 008 | 160507c tu qn0p 0 0 | ||
| 022 | _a13003984 | ||
| 035 | _a200000822 | ||
| 040 |
_aTR-AnTOB _cTR-AnTOB |
||
| 041 | _atur | ||
| 099 | _aJOURNAL - MİLL FO | ||
| 245 | 0 |
_aMilli folklor : _bTürk Dünyası Folklor dergisi |
|
| 336 |
_2rdacontent _atext _btxt |
||
| 337 |
_2rdamedia _aunmediated _bn |
||
| 338 |
_2rdacarrier _avolume _bnc |
||
| 500 | _a38.sayıya kadar Türk dünyası folklor dergisi olarak yayınlanmış, 38.sayıdan itibaren Milli Folklor:Uluslararası halk bilimi dergisi adını almıştır. | ||
| 500 | _aKütüphanemizdeki mevcutlar: 1992, 13. 1993, 20. 1994, 24. 1995, 28. 1996, 29-30. 1997-2005, 33-68. 2006, 71- | ||
| 650 | 0 |
_aFolklor _zTürkiye _915157 |
|
| 942 |
_cCR _2lcc |
||